Loading...
| Mythology | 0 | 4 | 0 | 2 | 40 | 114 | 124.25 | 0 | 3 | 2.97 | 16.67 |
| History - European | 0 | 4 | 3 | 0 | 25 | 90 | 103.75 | 1 | 4 | 8.50 | 27.50 |
| History - Other | 1 | 2 | 2 | 0 | 25 | 47 | 72.67 | 1 | 2 | 15.22 | 22.22 |
| Fine Arts - Auditory | 0 | 2 | 0 | 1 | 20 | 104 | 117.50 | 0 | 2 | 2.26 | 10.00 |
| Literature - World | 0 | 2 | 0 | 1 | 20 | 138 | 147.00 | 0 | 2 | 0.14 | 7.50 |
| Fine Arts - Other | 0 | 2 | 0 | 0 | 20 | 80 | 111.00 | 0 | 2 | 4.67 | 12.50 |
| History - World | 0 | 3 | 2 | 0 | 20 | 94 | 99.67 | 1 | 2 | 4.92 | 15.91 |
| Science - Biology | 0 | 2 | 1 | 0 | 15 | 109 | 115.00 | 1 | 2 | 0.92 | 10.00 |
| Social Science | 0 | 2 | 2 | 1 | 10 | 89 | 105.50 | 2 | 2 | 3.46 | 22.22 |
| Fine Arts - Visual | 0 | 1 | 0 | 1 | 10 | 126 | 126.00 | 0 | 1 | 1.13 | 2.50 |
| History - American | 0 | 2 | 2 | 0 | 10 | 106 | 111.50 | 0 | 2 | 2.79 | 10.00 |
| Literature - European | 0 | 1 | 0 | 0 | 10 | 124 | 124.00 | 0 | 1 | 0.08 | 5.00 |
| Philosophy | 0 | 1 | 0 | 0 | 10 | 128 | 128.00 | 0 | 1 | 0.08 | 2.50 |
| Pop Culture | 0 | 1 | 0 | 0 | 10 | 118 | 118.00 | 0 | 1 | 5.83 | 25.00 |
| Religion | 0 | 1 | 1 | 0 | 5 | 127 | 127.00 | 0 | 1 | 1.58 | 8.33 |
| Science - Physics | 0 | 0 | 0 | 0 | 0 | 0.00 | 0 | 0 | 0.00 | 0.00 | |
| Literature - British | 0 | 0 | 0 | 0 | 0 | 0.00 | 0 | 0 | 0.00 | 0.00 |